Croatian towns and municipalities coats of arms: Varaždin - Statistics

General Stats
  • This quiz has been taken 20 times
  • The average score is 11 of 28
Answer Stats
Picture Answer % Correct
Varaždin
100%
Bednja
91%
Veliki Bukovec
91%
Varaždinske Toplice
73%
Ivanec
64%
Ludbreg
64%
Lepoglava
55%
Novi Marof
55%
Vinica
45%
Jalžabet
36%
Mali Bukovec
36%
Maruševec
36%
Sračinec
36%
Sveti Đurđ
36%
Breznički Hum
27%
Donja Voća
27%
Martijanec
27%
Petrijanec
27%
Sveti Ilija
27%
Trnovec Bartolovečki
27%
Vidovec
27%
Beretinec
18%
Cestica
18%
Gornji Kneginec
18%
Klenovnik
18%
Ljubešćica
18%
Breznica
9%
Visoko
9%
No matching quizzes found
Score Distribution
Percent of People with Each Score
Percentile by Number Answered
Your Score History
You have not taken this quiz